|
|
|
|
| LEADER |
00000cam a2200000 7i4500 |
| 001 |
0000015993 |
| 005 |
20080423.0 |
| 008 |
180408 |
| 020 |
|
|
|a 9831973976
|
| 090 |
0 |
0 |
|a 636.213
|b PEN
|
| 245 |
1 |
0 |
|a Penternakan lembu pedaging
|c Diselenggarakan oleh Yasir Mohd
|
| 260 |
|
|
|a Kuala Lumpur :
|b Synergy Media
|
| 650 |
|
0 |
|a Beef cattle
|
| 700 |
1 |
|
|a Yasir Mohd
|
| 999 |
|
|
|a 0000926424
|b Book
|c Adult Collection
|e Cawangan Bukit Gambir
|
| 999 |
|
|
|a 0000934267
|b Book
|c Adult Collection
|e Cawangan Tangkak
|
| 999 |
|
|
|a 0000934268
|b Book
|c Adult Collection
|e Cawangan Tangkak
|
| 999 |
|
|
|a 0000934269
|b Book
|c Adult Collection
|e Cawangan Tangkak
|
| 999 |
|
|
|a 0001015917
|b Book
|c Adult Collection
|e Perbadanan Perpustakaan Awam Johor
|
| 999 |
|
|
|a 0001015920
|b Book
|c Adult Collection
|e Perbadanan Perpustakaan Awam Johor
|
| 999 |
|
|
|a 0001015921
|b Book
|c Adult Collection
|e Cawangan Kota Tinggi
|
| 999 |
|
|
|a 0001070662
|b Book
|c Adult Collection
|e Cawangan Tangkak
|
| 999 |
|
|
|a 0001070663
|b Book
|c Adult Collection
|e Cawangan Muar
|